| 000 | 00927cam a2200217 4500 | ||
|---|---|---|---|
| 001 | WB3730-24 | ||
| 008 | 010731n2001 000 0 eng u | ||
| 035 | _a(Sirsi) u113858 | ||
| 245 | _aProperty firm turns against building rules | ||
| 260 | _c2001 | ||
| 490 |
_aPlanning (for the Natural and Built Environment) _v(1429) 27 July 2001, 4(1) |
||
| 520 | _aDonaldsons, has raised the issue that local authorities may become overwhelmed by applications from firms needing consent to ensure their properties comply with the 2004 deadline under the Disability Discrimination Act 1995. | ||
| 590 | _aWB | ||
| 650 | _aDISABILITY DISCRIMINATION ACT 1995 | ||
| 650 | _aMANAGEMENT-BUSINESS MANAGEMENT-DISCRIMINATION-DISABILITY DISCRIMINATION-ACCESSIBILITY | ||
| 650 | _aLOCAL AUTHORITIES | ||
| 650 |
_aBUILDING REGULATIONS _96224 |
||
| 650 | _aPLANNING APPLICATIONS | ||
| 690 |
_aPlanning and development _96259 |
||
| 942 | _n0 | ||
| 999 |
_c67833 _d67833 |
||